[Event "DVM U20 2010"]
[Site "Osnabrück GER"]
[Date "2010.12.28"]
[Round "3"]
[White "Oser, Kai"]
[Black "Pfefferkorn, Kai"]
[Result "1-0"]
[Termination "normal"]
[Board "8.4"]
[WhiteElo "1622"]
[BlackElo "1570"]
[WhiteTeam "SC Neumühl"]
[BlackTeam "USV TU Dresden"]
[PlyCount "73"]
[WhiteFideId "12927201"]
[BlackFideId "12910295"]
[EventCountry "GER"]
[EventRounds "7"]
[EventType "team-swiss"]
[EventDate "2010.12.26"]

1. e4 c5 2. Nf3 d6 3. d4 cxd4 4. Nxd4 Nf6 5. Nc3 a6 6. f3 e5 7. Nb3 Be6 8. Be3
Be7 9. Bd3 Nbd7 10. Qd2 d5 11. exd5 Nxd5 12. Nxd5 Bxd5 13. c4 Be6 14. O-O O-O
15. Rfd1 Qc7 16. Rac1 Rac8 17. Qc2 h6 18. Nd2 Bc5 19. Bxc5 Qxc5+ 20. Kh1 f5 21.
a3 g6 22. b4 Qd4 23. Nb3 Qh4 24. c5 Nf6 25. Nd2 Kg7 26. Nc4 Nd5 27. Re1 e4 28.
fxe4 fxe4 29. Rxe4 Qf6 30. Qb2 Qxb2 31. Nxb2 Bf5 32. Rd4 Ne3 33. Bxf5 Nxf5 34.
Rd7+ Rf7 35. Rcd1 Rcf8 36. Nc4 Kg8 37. Kg1 1-0

[Event "DVM U20 2010"]
[Site "Osnabrück GER"]
[Date "2010.12.28"]
[Round "3"]
[White "Nieke, Gottfried"]
[Black "Walter, Tim Lucas"]
[Result "1/2-1/2"]
[Termination "normal"]
[Board "8.5"]
[WhiteElo "1430"]
[BlackElo "1526"]
[WhiteTeam "USV TU Dresden"]
[BlackTeam "SC Neumühl"]
[PlyCount "39"]
[BlackFideId "12922951"]
[EventCountry "GER"]
[EventRounds "7"]
[EventType "team-swiss"]
[EventDate "2010.12.26"]

1. e4 Nf6 2. Nc3 d6 3. Nf3 g6 4. d4 Bg7 5. Bc4 O-O 6. O-O Nbd7 7. Bg5 h6 8. Be3
e5 9. dxe5 Nxe5 10. Nxe5 dxe5 11. f3 Qe7 12. Qe2 Be6 13. Rfd1 Rfd8 14. a3 c6
15. Bxe6 Rxd1+ 16. Rxd1 Qxe6 17. Qd2 Kh7 18. Qd6 Qxd6 19. Rxd6 Bf8 20. Rd1
1/2-1/2

[Event "DVM U20 2010"]
[Site "Osnabrück GER"]
[Date "2010.12.28"]
[Round "3"]
[White "Watrin, Jan"]
[Black "Veckenstedt, Freya"]
[Result "1-0"]
[Termination "normal"]
[Board "8.6"]
[WhiteElo "1592"]
[BlackElo "1229"]
[WhiteTeam "SC Neumühl"]
[BlackTeam "USV TU Dresden"]
[PlyCount "105"]
[WhiteFideId "12922986"]
[BlackFideId "12927244"]
[EventCountry "GER"]
[EventRounds "7"]
[EventType "team-swiss"]
[EventDate "2010.12.26"]

1. e4 e5 2. Nf3 Nc6 3. Bc4 Nf6 4. d3 h6 5. Nc3 Bb4 6. O-O Bxc3 7. bxc3 O-O 8.
Ba3 d6 9. Re1 Be6 10. Bb3 Ne7 11. d4 Bxb3 12. axb3 Ng6 13. dxe5 Ng4 14. exd6
cxd6 15. Qxd6 Qxd6 16. Bxd6 Rfe8 17. Rad1 Rad8 18. h3 N4e5 19. Nxe5 Nxe5 20.
Bxe5 Rxd1 21. Rxd1 Rxe5 22. Rd8+ Kh7 23. f3 Re7 24. Kf2 Rc7 25. c4 b6 26. Ke3
Kg6 27. Kd4 Kf6 28. Rd5 Ke6 29. c5 bxc5+ 30. Rxc5 Rd7+ 31. Rd5 Rc7 32. c4 Rb7
33. Kc3 f6 34. b4 Ke7 35. b5 Rd7 36. Rxd7+ Kxd7 37. c5 Kc7 38. f4 g6 39. e5
fxe5 40. fxe5 Kd7 41. b6 axb6 42. cxb6 Kc6 43. e6 Kxb6 44. e7 Kc5 45. e8=Q Kd5
46. Qe7 Kc6 47. Qd8 Kb5 48. Qc7 g5 49. g4 Ka6 50. Qb8 Ka5 51. Qb7 h5 52. Kc4
hxg4 53. Qb5# 1-0